000 00912nam a22002777a 4500
003 DO-SdBNP
005 20221208082127.0
007 ta
008 221101b2022 dr ||||| |||| 00| f spa d
020 _a9789945608984
040 _aDO-SdBNP
_bspa
_cBNPHU
082 4 _aPR863.44
_bA275p
_222
100 1 _aRosario, Moises Agosto,
_d1965-
_982641
245 1 0 _aPlagas del deseo /
_cMoisés Agosto Rosario
250 _a2a. ed. revisada y aumentada
260 _aSan Juan, Puerto Rico :
_bIsla Negra,
_c2022.
300 _a120 p. ;
_c22 cm.
490 1 _aEl canon secuestrado
500 _aIncluye datos biográficos del autor en la solapa de la cubierta
590 _aInventariado, 2022/BT
650 4 _aCuentos puertorriqueños
_9249
650 4 _aLiteratura puertorriqueño
_930235
830 0 _aEl canon secuestrado
_96917
910 _aBtavárez/Validado. Control de calidad MFF
942 _2ddc
_cLBS1
999 _c52715
_d52715